Pipelined and parallel computer architectures

This book is designed for a second course in computer architecture, and as such assumes a background in basic architectural concepts of single processor systems. These concepts are reviewed in the first two chapters of the book. Chapters 3 and 4 concentrate pipelined architectures. Chapters 5, 6, an...

Szczegółowa specyfikacja

Zapisane w:
Opis bibliograficzny
1. autor: Sajjan G Shiva
Format: Książka
Język:Undetermined
Wydane: New York HarperCollins 1996
Hasła przedmiotowe:
Etykiety: Dodaj etykietę
Nie ma etykietki, Dołącz pierwszą etykiete!
Thư viện lưu trữ: Trung tâm Học liệu Trường Đại học Cần Thơ
LEADER 01234nam a2200205Ia 4500
001 CTU_22596
008 210402s9999 xx 000 0 und d
020 |b 95df 
082 |a 004.35 
082 |b S555 
100 |a Sajjan G Shiva 
245 0 |a Pipelined and parallel computer architectures 
245 0 |c Sajjan G Shiva 
260 |a New York 
260 |b HarperCollins 
260 |c 1996 
520 |a This book is designed for a second course in computer architecture, and as such assumes a background in basic architectural concepts of single processor systems. These concepts are reviewed in the first two chapters of the book. Chapters 3 and 4 concentrate pipelined architectures. Chapters 5, 6, and 7 deal with parallel processing architectures, and Chapter 8 concludes the book with a discussion of current trends. Each chapter describes the most generic hardware aspects follewed by supporting details on corresponding programming languages, data structures, and operating systems. Each chapter also provides details of several commercially availablesystems 
650 |a computer architecture,computers, pipeline,parallel computers 
904 |i Minh, 980519 
980 |a Trung tâm Học liệu Trường Đại học Cần Thơ